| 000 | 00868cab a2200277 4500 | ||
|---|---|---|---|
| 001 | ABS67412 | ||
| 008 | 040206n2004 000 0 eng u | ||
| 035 | _a(Sirsi) u125078 | ||
| 245 | _aRegional survey: Gloucestershire, Herefordshire and Worcestershire | ||
| 260 | _c2004 | ||
| 490 |
_aProperty Week _v69(3) 16 January 2004, 55-64(6) |
||
| 590 | _aABS | ||
| 650 | _aGLOUCESTERSHIRE | ||
| 650 | _aHEREFORDSHIRE | ||
| 650 | _aWORCESTERSHIRE | ||
| 650 | _aHEREFORD | ||
| 650 | _aREDDITCH | ||
| 650 | _aBROMSGROVE | ||
| 650 | _aGLOUCESTER | ||
| 650 | _aINDUSTRIAL MARKET | ||
| 650 | _aLEISURE MARKET | ||
| 650 | _aPROPERTY-COMMERCIAL PROPERTY-RETAIL PROPERTY-RETAIL PROPERTY MARKET | ||
| 650 | _aPROPERTY-COMMERCIAL PROPERTY-OFFICE PROPERTY-OFFICE PROPERTY MARKET | ||
| 690 | _aPROPERTY-COMMERCIAL PROPERTY-COMMERCIAL PROPERTY MARKET | ||
| 942 | _n0 | ||
| 999 |
_c74140 _d74140 |
||